Protección y promoción de la medicina tradicional: consecuencias para la salud pública en los países en desarrollo

Saved in:
書目詳細資料
主要作者: Correa, Carlos M (Author)
格式: 圖書
語言:西班牙语
出版: Buenos Aires South Centre 2002
叢編:South Perspectives
主題:
標簽: 添加標簽
沒有標簽, 成為第一個標記此記錄!

MARC

LEADER 00000nam a2200000 a 4500
001 UCJ0084
003 CL-VaPUC
008 060623e20020000AG |||||||||||||||||spa|d
082 0 4 |a 362.1  |b COR  |2 21 
100 0 |a Correa, Carlos M  |e author  |9 500153 
245 1 0 |a Protección y promoción de la medicina tradicional: consecuencias para la salud pública en los países en desarrollo 
300 |a 127 p 
942 |c BK 
945 |d 20060623 00:00:00  |a jtorresc 
260 |a Buenos Aires  |b South Centre  |c 2002 
650 0 |a Salud pública  |9 258913 
650 0 |a Propiedad intelectual  |9 256126 
650 0 |a Países en desarrollo  |9 259663 
650 0 |a Política gubernamental  |9 262286 
583 |a last modification  |c 20121024 01:05:15  |k Rodrigo Vera 
490 0 |a South Perspectives 
999 |c 317068  |d 317066 
952 |0 0  |1 0  |4 0  |6 362_100000000000000_COR_2002  |7 0  |8 A  |9 392815  |a BIBGIM  |b BIBGIM  |d 2019-11-22  |i 4243625  |o 362.1 COR 2002  |p 4243625  |r 2025-01-15  |w 2019-11-22  |y BK  |k GIM